Poznávame elektroniku 8 : Digitální technika

Salvato in:
Dettagli Bibliografici
Autore principale: Malina, Václav (Autore)
Natura: Libro
Lingua:ceco
Pubblicazione: České Budějovice : Nakladatelství KOPP, 2006
Soggetti:
Tags: Aggiungi Tag
Nessun Tag, puoi essere il primo ad aggiungerne!!

MARC

LEADER 00000nam a22000003a 4500
001 stu128513
005 20220525125427.3
008 061024s2006----xr------------------cze-d
020 |a 80-7232-271-0 
040 |a STU  |b slo 
041 0 |a cze 
044 |a xr 
080 |a 621.38 
100 1 |a Malina, Václav  |4 aut 
245 1 |a Poznávame elektroniku 8 :  |b Digitální technika 
260 |a České Budějovice :  |b Nakladatelství KOPP,  |c 2006 
300 |a 429 s. 
650 7 |a elektronika  |2 stusub 
650 7 |a digitálna elektronika  |2 stusub 
996 |b 284EK86457  |c E*86457  |l EE01  |s A  |a 24  |w stu128513_0001